000 00490nam a2200193Ia 4500
005 20260617115556.0
008 131103s9999 xx 000 0 und d
040 _aLoreto College
041 _aEnglish
082 _a232
_bESC
100 _aEsch, P Ludwig
245 _aNew life in christ
_cP Ludwig Esch; translated by W T Swain
260 _aCork
_bMercier
_c1961
300 _a294p.
650 _aGod - Christianity
700 _aSwain, W T; tr.
850 _aLCLIB
942 _cBK
999 _c25524
_d76003